000
00251nam a22001097a 4500
082
_a
808.3 KEY'I
100
_a
KEYES, FRANCESS PARKINSON
_9
79458
245
_a
I THE KING
260
_a
LONDON
_b
NEW ENGLISH LIBRARY
_c
1968
300
_a
283P
942
_c
BK
999
_c
584501
_d
584501